Central Library OPAC University of Rajshahi

Rural Women and the Formation of Social Capital in Bangladesh : (Record no. 80703)

MARC details
000 -LEADER
fixed length control field 01041nam a2200253 a 4500
001 - CONTROL NUMBER
RUCL Control Number 80703
003 - CONTROL NUMBER IDENTIFIER
rucl marc code BD-RjUL
005 - DATE AND TIME OF LATEST TRANSACTION
control field 20221103113423.0
008 - FIXED-LENGTH DATA ELEMENTS--GENERAL INFORMATION
fixed length control field 221103s2011 bg a|||| m||| 00| 0 eng d
035 ## - SYSTEM CONTROL NUMBER
system control number (BD-RjUL)80703
040 ## - CATALOGING SOURCE
Original cataloging agency BD-RjUL
Language of cataloging eng
Transcribing agency BD-RjUL
Modifying agency BD-RjUL
041 ## - LANGUAGE CODE
Language code of Book eng
082 ## - DEWEY DECIMAL CLASSIFICATION NUMBER
DDC Edition number 23
Classification number 302.3095492
Author mark and Year SAR 2011
100 ## - MAIN ENTRY--PERSONAL NAME
Personal name Sarker, Md. Abdul Malek
9 (RLIN) 5688
245 ## - TITLE STATEMENT
Name of Supervisor/Co-Supervisor Supervisor : AKM Shafiul Islam
Title Rural Women and the Formation of Social Capital in Bangladesh :
Remainder of title A Study on Selected Areas in Sirajganj District /
Statement of responsibility, etc Md. Abdul Malek Sarker
260 ## - PUBLICATION, DISTRIBUTION, ETC. (IMPRINT)
Place of publication, distribution, etc Rajshahi :
Name of publisher, distributor, etc Institute of Bangladesh Studies, University of Rajshahi,
Date of publication, distribution, etc 2011
300 ## - PHYSICAL DESCRIPTION
Pagination xvii, 291 leaves :
Other physical details ill.;
Dimensions 29 cm.
502 ## - DISSERTATION NOTE
Dissertation note Thesis (Ph. D.) --Institute of Bangladesh Studies, University of Rajshahi,2011
504 ## - BIBLIOGRAPHY, ETC. NOTE
Bibliography, etc Bibliography: Leaves 271-291
650 ## - SUBJECT ADDED ENTRY--TOPICAL TERM
Topical term or geographic name as entry element Social metworks
General subdivision Rural Women
Geographic subdivision Bangladesh
9 (RLIN) 5689
Topical term or geographic name as entry element Social metworks
General subdivision Social Capital
Geographic subdivision Bangladesh
9 (RLIN) 5690
700 ## - ADDED ENTRY--SUPERVISOR/CO-SUPERVISOR NAME
Personal name Islam, AKM Shafiul, Supervisor
9 (RLIN) 1356
942 ## - ADDED ENTRY ELEMENTS (KOHA)
Source of classification or shelving scheme Dewey Decimal Classification
Koha item type Theses
Holdings
Source of classification or shelving scheme Damaged status Not for loan Collection code Permanent Location Current Location Shelving location Date of accession Source of acquisition Total Checkouts Full call number Barcode Date last seen Copy number Thesis
Dewey Decimal Classification   Not For Loan Theses Central Library, University of Rajshahi Central Library, University of Rajshahi Documentation Section 09/10/2013 Controller of Exam. R.U.   THE 302.3095492 SAR 2011 D3495 03/11/2022 C-1 Theses